| 000 | 00724nam a22002057a 4500 | ||
|---|---|---|---|
| 008 | 090313t xxu||||| |||| 00| 0 eng d | ||
| 010 | _aENG-93214 | ||
| 020 | _c60.00 | ||
| 035 | _aEN-76747 | ||
| 037 | _bDBAD / PUB | ||
| 040 |
_adpl _bEnglish |
||
| 082 | _a638.2 | ||
| 100 | _aRadha, A. | ||
| 245 |
_aSericulture / _cby A. Radha |
||
| 260 |
_aThanjavur _bA. Radha Publications _c2008 |
||
| 270 |
_a48/3rd Cross, Kulanthaiammal Nagar, _bThanjavur _e613007 |
||
| 300 |
_a64p. _c20cm (pbk) |
||
| 942 |
_2ddc _cEN _mRAD _h638.2 |
||
| 999 |
_c25211 _d25211 |
||